00661nam a2200193Ia 4500008004100000020001800041082001700059100002100076245006100097250000700158260004800165300002300213500001900236600003300255650001500288942000700303952014000310999001700450240925s9999 xx 000 0 und d a9781456819385 a808.0666 HAR aHardesty, Ray E. 0aTechnical and Business Writing for Working Professionals aNA aUnited States:bXlibris Corporationc,2010. a484p.b0fOriginal aIncludes Index aHumanities & Natural Science aLiterature cBK 001040708HUMaUITUbUITUd2018-03-15eBook World Internationalg474.70l0o808.0666 HARpQ11606r2024-09-25 07:16:08w2024-09-25yBK c14105d14105